000 00556nam a2200193Ia 4500
005 20250923145124.0
008 008 250917s9999 xx 000 0 eng d
037 _aTextual
040 _aDSWL
_beng
_cDSWL
041 _aeng
_2eng
084 _aL7:4:691, K66
_qDSWL
100 _aWolpe, J.
_9831988
245 0 _aBehavior therapy techniques
_cby J. Wolpe
260 _aLondon
_bLongman Press Ltd
_c1966
300 _axi,186 p.
700 _aA.A. Lazarus
_9831989
942 _cTEXL
_hL7:4:691, K66
999 _c1447426
_d1447426